000 02659cam a22005774i 4500
003 PE-LiUPU
005 20250731173515.0
008 150616s1995 ag r 000 0 spa d
020 _a9505735146
020 _a9789505735143
035 _a(Sirsi) i9789505735143
040 _aPE-LiUPU
_bspa
_cPE-LiUPU
_erda
041 1 _aspa
_heng
049 _aPRUA
082 0 4 _a268.002
_bA79
_220
082 0 4 _a268.732
_bA79GA
_221
110 2 _aDepartamento Ministerial de la Iglesia Adventista del Séptimo Día.
245 1 0 _aGuía de Procedimientos para Ancianos de Iglesia /
_cAsociación Ministerial de la Asociación General de la IASD.
264 1 _aBuenos Aires :
_bAsociación Casa Editora Sudamericana,
_c1995.
300 _a160 páginas ;
_c21 centímetros
336 _atext
_2rdacontent
337 _aunmediated
_2rdamedia
338 _avolume
_2rdacarrier
500 _aOtra edición: año 1999.
505 0 _aLa iglesia y su organización -- El llamamiento y las habilidades del anciano -- El anciano como dirigente de iglesia -- El anciano como poyo de los otros dirigentes locales -- El anciano y el crecimiento de la iglesia -- El anciano y el nutrimiento de la iglesia -- El anciano y el culto de adoración -- El anciano y los servicios especiales.
526 _aSEG42
526 _aSEG41
526 _aSEG40
526 _aSEG39
526 _aP94
526 _aP87
526 _aP86
526 _aP85
526 _aP77
526 _aP76
526 _aP35
534 _pTítulo original :
_tElder's handbook, study guide."
650 0 4 _aAnciano de Iglesia
_xCompendios, Manuales, etc. (IASD).
910 _ajck
_bjvq
_cjck
910 _adbm
_bjpc
_cjpc
_d20190520
942 _2ddc
_cBOOK
994 _aC0
_bPEPRU
596 _a1 4
999 _a268.002 A79
_wDEWEY
_c59228
_i41560
_f2021-11-10
_g5
_lCCODEBUL1
_mBUL
_p15.00
_r0
_sY
_tBOOK
_u2015-6-16
_xTEOLOGIA
_PP35
_0COMPRA
_o.STAFF. ColecciónTeología
_d59228
999 _a268.002 A79
_wDEWEY
_c2
_i54260
_d2019-6-10
_f2021-11-10
_g6
_lCCODEBUL1
_mBUL
_p15.00
_q1
_r0
_sY
_tBOOK
_u2015-4-23
_xTEOLOGIA
_zP35
_0COMPRA
_o.STAFF. Colección Teología
999 _a268.002 A79
_wDEWEY
_c3
_i54261
_f2021-11-10
_g6
_lCCODEBUL1
_mBUL
_p15.00
_r0
_sY
_tBOOK
_u2015-4-23
_xTEOLOGIA
_zUNKNOWN
_0COMPRA
_o.STAFF. Colección Teología
999 _a268.732 A79GA
_wDEWEY
_c1
_iCW00912
_f2021-12-22
_g2
_lCCODECWL1
_mBWL
_p10.00
_r0
_sY
_tBOOK
_u2018-11-29
_xWHITE
_zUNKNOWN
_0COMPRA
_o.STAFF. Centro White
980 _81
_gALBERTO SANCHEZ Responsable de Automatización